Charles Fabri - An Art Critic (Record no. 13543)

000 -LEADER
fixed length control field 00213 a2200097 4500
020 ## - INTERNATIONAL STANDARD BOOK NUMBER
International Standard Book Number ‎ 978-3957733115
100 ## - MAIN ENTRY--PERSONAL NAME
Personal name Pppal Suneja
245 ## - TITLE STATEMENT
Title Charles Fabri - An Art Critic
250 ## - EDITION STATEMENT
Edition statement 2024
260 ## - PUBLICATION, DISTRIBUTION, ETC.
Name of publisher, distributor, etc. Bauhaus
Holdings
Withdrawn status Lost status Source of classification or shelving scheme Damaged status Not for loan Permanent Location Current Location Date acquired Source of acquisition Cost, normal purchase price Full call number Barcode Date last seen Cost, replacement price Price effective from Koha item type
          BMS College of Architecture, Design and Planning BMS College of Architecture, Design and Planning 2025-07-12 39 1500.00 701.18 AR-UG4931 2025-07-12 1500.00 2025-07-12 UG Books
Copyright © 2025, The Librarian, Library and Information Centre, BMSCA D&P, Bengaluru. All Rights Reserved
web counter

Powered by Koha